Sociální služby : legislativa, ekonomika, plánování, hodnocení / Oldřich Matoušek a kol.
Record details
- ISBN: 978-80-7367-310-9 (váz.)
- Physical Description: 183 s. ; 24 cm
- Edition: Vyd. 1.
- Publisher: Praha : Portál, 2007
Content descriptions
| Bibliography, etc. Note: | Obsahuje bibliografie a rejstřík |
Search for related items by subject
| Subject: | sociální služby sociální služby > Česko sociální služby > Evropa social service social service > Czechia social service > Europe |
| Genre: | monografie monographs |
Available copies
- 2 of 4 copies available at Common Catalog SPOK.
Holds
- 0 current holds with 4 total copies.
Other Formats and Editions
Show Only Available Copies
| Location | Call Number / Copy Notes | Barcode | Shelving Location | Status | Due Date |
|---|---|---|---|---|---|
| ETS Library | 361.3 | 424470011476 | Volný výběr | Available | - |
| Jabok Library | SPr-1 | 424480037675 | Odborná literatura | Available | - |
| Jabok Library | SPr-1/M | 424480021876 | Odborná literatura | Checked out | 24.06.2025 |
| Jabok Library | SPr-1/M | 424480033223 | Odborná literatura | Checked out | 08.09.2025 |
Electronic resources
Version of Resource: Obsah
| LDR | 00782nam a22 a 4500 | ||
|---|---|---|---|
| 001 | 11967 | ||
| 003 | CZ-PrJAB | ||
| 005 | 20160203143031.0 | ||
| 007 | ta | ||
| 008 | 071023s2007 xr e 001 0 cze | ||
| 015 | . | ‡acnb001760413 | |
| 020 | . | ‡a978-80-7367-310-9 (váz.) | |
| 035 | . | ‡a(OCoLC)228499027 | |
| 040 | . | ‡aABA001 ‡bcze | |
| 043 | . | ‡ae-xr--- ‡ae------ | |
| 072 | 7. | ‡a364-1/-7 ‡xDruhy sociální pomoci a služeb ‡2Konspekt ‡918 | |
| 080 | . | ‡a364-7 ‡2MRF | |
| 080 | . | ‡a(437.3) ‡2MRF | |
| 080 | . | ‡a(4) ‡2MRF | |
| 080 | . | ‡a(048.8) ‡2MRF | |
| 082 | 1 | 4. | ‡a361.3 |
| 100 | 1 | . | ‡aMatoušek, Oldřich, ‡d1947- ‡7nlk19990073542 ‡4aut |
| 245 | 1 | 0. | ‡aSociální služby : ‡blegislativa, ekonomika, plánování, hodnocení / ‡cOldřich Matoušek a kol. |
| 250 | . | ‡aVyd. 1. | |
| 260 | . | ‡aPraha : ‡bPortál, ‡c2007 | |
| 300 | . | ‡a183 s. ; ‡c24 cm | |
| 504 | . | ‡aObsahuje bibliografie a rejstřík | |
| 650 | 0 | 7. | ‡asociální služby ‡7ph125812 ‡2czenas |
| 650 | 0 | 7. | ‡asociální služby ‡7ph125812 ‡zČesko ‡2czenas |
| 650 | 0 | 7. | ‡asociální služby ‡7ph125812 ‡zEvropa ‡2czenas |
| 650 | 0 | 9. | ‡asocial service ‡2eczenas |
| 650 | 0 | 9. | ‡asocial service ‡zCzechia ‡2eczenas |
| 650 | 0 | 9. | ‡asocial service ‡zEurope ‡2eczenas |
| 655 | 7. | ‡amonografie ‡7fd132842 ‡2czenas | |
| 655 | 9. | ‡amonographs ‡2eczenas | |
| 856 | 4 | 1. | ‡yObsah ‡uhttp://toc.nkp.cz/NKC/200712/contents/nkc20071760413_1.pdf |
| 910 | . | ‡aABG450 | |
| 910 | . | ‡aABG312 | |
| 999 | . | ‡a8505 ‡bAUTOGEN ‡c8505 ‡tbiblio | |
| 901 | . | ‡a11967 ‡bUnknown ‡c11967 ‡tbiblio ‡sets | |